LEADER 01619nam a2200325 4500 001 000000363454 003 CaOOAMICUS 005 20250715094624.0 008 250702s2000 it a 000 u mul r 040 $aSeMil$bita 245 03$aLa Scala :$bracconti dal palcoscenico /$cfotografie di Paola Bobba, Anna Rosa Gavazzi ; testo di Daniela Romano Marchetti ; traduzione di Angela Montgomery ; introduzione di Guido Vergani ; fotografie di Giovanni Chiaramonte. 246 01$aLa Scala :$btales from the stage 264 1$aMilano :$bValentina Edizioni,$cstampa 2000. 300 $a167 p. :$bill. ;$c31x31 cm 500 $aFront. anche in inglese 650 4$aMilano - Teatro alla Scala.$0(OLS)http://semarc/subject/16765 700 1 $aBobba, Paola.$0(OLS)http://semarc/name/122347 700 1 $aGavazzi, Anna Rosa.$0(OLS)http://semarc/name/122348 700 1 $aChiaramonte, Giovanni,$d<1948-2023>.$0(OLS)http://semarc/name/122351 700 1 $aMontgomery, Angela.$0(OLS)http://semarc/name/122350 700 1 $aVergani, Guido,$d<1935- >.$0(OLS)http://semarc/name/65326 700 1 $aRomaṇ Marchetti, Daniela.$0(OLS)http://semarc/name/122349 850 $aSeMil 852 $aSeMil$W1$xVenegono$y1$m3.SOVR V 9$j262865$B254296$CSeMilBibl$Z2$F254296 $81 941 1 $a7 961 $aOmaggio mons. Mario Delpini 996 $6245$aLa Scala :$bracconti dal palcoscenico$9(OLS)http://semarc/title/454644 996 $6246$aLa Scala :$btales from the stage$9(OLS)http://semarc/title/454645 996 $6264$aMilano :$bValentina Edizioni$9(OLS)http://semarc/publisher/53251 LEADER 01253nam a2200277 i 4500 001 000000114941 003 CaOOAMICUS 005 20030507000000.0 008 030507s1984 it u000 u ita u 013 $a87629 040 $aSeMil$bita 100 1 $aDavies, P.C.W.$0(OLS)http://semarc/name/48029 240 14$aThe search for gravity waves.$0(OLS)http://semarc/title/168165 245 10$aAlla ricerca delle onde gravitazionali /$cP.C.W. Davies ; traduzione dall'inglese di Giovanni Vittorio Pallottino e Guido Pizzella. 260 $aMilano :$bRusconi,$c1984. 300 $a188 p. :$bill. ;$c21 cm. 500 $aIn Appendice : Teoria dei rivelatori di onde gravitazionali. - Fondo Card. C.M. Martini. 650 4$aGravitazione universale.$0(OLS)http://semarc/subject/18089 700 1 $aPizzella, Guido.$0(OLS)http://semarc/name/48030 700 1 $aPallottino, Giovanni Vittorio.$0(OLS)http://semarc/name/41562 850 $aSeMil 852 $aSeMil$W1$xVenegono$y1$m1C V 132$j70482$B70482$CSeMilBibl$Z2$F78466 $81 941 1 $a4 961 $aOmaggio: Martini Card. Carlo Maria 996 $6245$aAlla ricerca delle onde gravitazionali$9(OLS)http://semarc/title/168164 996 $6260$aMilano :$bRusconi$9(OLS)http://semarc/publisher/30258